| 000 -LEADER |
| fixed length control field |
03501nam a22006857a 4500 |
| 003 - CONTROL NUMBER IDENTIFIER |
| control field |
OSt |
| 005 - DATE AND TIME OF LATEST TRANSACTION |
| control field |
20180914085052.0 |
| 008 - FIXED-LENGTH DATA ELEMENTS--GENERAL INFORMATION |
| fixed length control field |
180226b xxu||||| |||| 00| 0 spa d |
| 020 ## - INTERNATIONAL STANDARD BOOK NUMBER |
| International Standard Book Number |
9503305225 |
| 040 ## - CATALOGING SOURCE |
| Transcribing agency |
PJ |
| 245 10 - MENCIÓN DE TÍTULO |
| Título propiamente dicho |
Reforma política y voto electrónico / |
| Parte restante del título |
coordinador/compilador José María Pérez Corti ; B. Austin ... [et al.]. |
| 260 ## - PUBLICATION, DISTRIBUTION, ETC. (IMPRINT) |
| Place of publication, distribution, etc |
Córdoba : |
| Name of publisher, distributor, etc |
Ciencia, Derecho y Sociedad, |
| Date of publication, distribution, etc |
2005. |
| 300 ## - DESCRIPCION FISICA |
| Extent |
250 p. |
| Dimensions |
23 cm. |
| 490 ## - MENCION DE SERIE |
| Mención de Serie |
Congresos, Jornadas y Seminarios |
| 500 ## - NOTA GENERAL |
| General note |
Los contenidos de la presente obra reunen las ponencias realizadas en el seminario "Reforma política y voto electrónico" realizdomen Córdoba los días 11 y 12 de noviembre. |
| 505 ## - FORMATTED CONTENTS NOTE |
| Title |
Apertura del seminario y de la feria informática electoral / |
| Statement of responsibility |
Ramón Pedro Yanzi Ferreira. |
| 505 ## - FORMATTED CONTENTS NOTE |
| Title |
Reflexiones y dudas en materia de Tecnología / |
| Statement of responsibility |
Alejandro Tullio. |
| 505 ## - FORMATTED CONTENTS NOTE |
| Title |
Poder judicial, elecciones y tecnología / |
| Statement of responsibility |
Luis E. Rubio. |
| 505 ## - FORMATTED CONTENTS NOTE |
| Title |
Sistema político, administración electoral y voto electrónico en perspectiva comparada / |
| Statement of responsibility |
Marcelo Escobar. |
| 505 ## - FORMATTED CONTENTS NOTE |
| Title |
Reflexiones para la logística nacional de la urna electrónica / |
| Statement of responsibility |
Rolando Visconti. |
| 505 ## - FORMATTED CONTENTS NOTE |
| Title |
Proyecto de voto electrónico que se implemento en la provincia de Buenos Aires / |
| Statement of responsibility |
Ana M. Bourimborde. |
| 505 ## - FORMATTED CONTENTS NOTE |
| Title |
Ushuaia 2003: el voto electrónico. Más y Mejor democracia / |
| Statement of responsibility |
Horacio Maffei. |
| 505 ## - FORMATTED CONTENTS NOTE |
| Title |
Las experiencias con voto electrónico en Argentina / |
| Statement of responsibility |
María Inés Tula. |
| 505 ## - FORMATTED CONTENTS NOTE |
| Title |
Elecciones: representación y voto electrónico / |
| Statement of responsibility |
A. Serveto |
| -- |
G, Glosa. |
| 505 ## - FORMATTED CONTENTS NOTE |
| Title |
La reforma política: Una mirada desde la cultura política / |
| Statement of responsibility |
Gonzálo F. Fernández. |
| 505 ## - FORMATTED CONTENTS NOTE |
| Title |
Participación política y voto electrónico / |
| Statement of responsibility |
Juan F. Brügge. |
| 505 ## - FORMATTED CONTENTS NOTE |
| Title |
Reforma política, proceso electoral y nuevas tecnologías / |
| Statement of responsibility |
José Mª Peréz Corti. |
| 505 ## - FORMATTED CONTENTS NOTE |
| Title |
Modelo tecnológico y prueba piloto 2005 ciudad de Buenos Aires / |
| Statement of responsibility |
Natalia Debandi. |
| 505 ## - FORMATTED CONTENTS NOTE |
| Title |
Informatización electora: Caso Ariston / |
| Statement of responsibility |
Mauro I. Décima. |
| 505 ## - FORMATTED CONTENTS NOTE |
| Title |
El voto electrónico: ¿ Instrumento de modernización o de reforma política? / |
| Statement of responsibility |
Mª Eugenia Taquela |
| 505 ## - FORMATTED CONTENTS NOTE |
| Title |
Modernización de la Política y de la democracia: Avances y retrocesos / |
| Statement of responsibility |
Santiago L. Soleri. |
| 505 ## - FORMATTED CONTENTS NOTE |
| Title |
Reforma política y voto electrónico / |
| Statement of responsibility |
Enrique José Gastaldi. |
| 505 ## - FORMATTED CONTENTS NOTE |
| Title |
Palabras de cierre / |
| Statement of responsibility |
Gonzalo F. Fernández. |
| -- |
G. Barrera Buteler. |
| 650 #0 - ASIENTO SECUNDARIO DE MATERIA - TERMINO TEMATICO |
| 9 (RLIN) |
178 |
| Topical term or geographic name as entry element |
DERECHO CONSTITUCIONAL |
| 650 #0 - ASIENTO SECUNDARIO DE MATERIA - TERMINO TEMATICO |
| 9 (RLIN) |
904 |
| Topical term or geographic name as entry element |
DERECHO ELECTORAL |
| 650 #0 - ASIENTO SECUNDARIO DE MATERIA - TERMINO TEMATICO |
| 9 (RLIN) |
1283 |
| Topical term or geographic name as entry element |
SUFRAGIO |
| 650 #0 - ASIENTO SECUNDARIO DE MATERIA - TERMINO TEMATICO |
| 9 (RLIN) |
1285 |
| Topical term or geographic name as entry element |
ELECCIONES |
| 650 #0 - ASIENTO SECUNDARIO DE MATERIA - TERMINO TEMATICO |
| 9 (RLIN) |
1284 |
| Topical term or geographic name as entry element |
VOTO ELECTRONICO |
| 700 ## - ADDED ENTRY--PERSONAL NAME |
| Personal name |
Pérez Corti, José María |
| Relator term |
coordinador |
| -- |
compilador |
| 700 ## - ADDED ENTRY--PERSONAL NAME |
| 9 (RLIN) |
1286 |
| Personal name |
López Amaya, Félix |
| 700 ## - ADDED ENTRY--PERSONAL NAME |
| Personal name |
Tullio, Alejandro |
| 9 (RLIN) |
1287 |
| 700 ## - ADDED ENTRY--PERSONAL NAME |
| Personal name |
Rubio, Luis E. |
| 9 (RLIN) |
1288 |
| 700 ## - ADDED ENTRY--PERSONAL NAME |
| Personal name |
Escolar, Marcelo |
| 9 (RLIN) |
1289 |
| 700 ## - ADDED ENTRY--PERSONAL NAME |
| Personal name |
Visconti, Rolando |
| 9 (RLIN) |
1290 |
| 700 ## - ADDED ENTRY--PERSONAL NAME |
| Personal name |
Bourimborde, Ana M. |
| 9 (RLIN) |
1292 |
| 700 ## - ADDED ENTRY--PERSONAL NAME |
| Personal name |
Tula, María Inés |
| 9 (RLIN) |
1293 |
| 700 ## - ADDED ENTRY--PERSONAL NAME |
| Personal name |
Servetto, A. |
| 9 (RLIN) |
1294 |
| 700 ## - ADDED ENTRY--PERSONAL NAME |
| Personal name |
Closa, G. |
| 9 (RLIN) |
1295 |
| 700 ## - ADDED ENTRY--PERSONAL NAME |
| Personal name |
Austin, Brenda |
| 9 (RLIN) |
1296 |
| 700 ## - ADDED ENTRY--PERSONAL NAME |
| Personal name |
Fernández, Gonzálo F. |
| 9 (RLIN) |
1299 |
| 700 ## - ADDED ENTRY--PERSONAL NAME |
| Personal name |
Brügge, Juan F. |
| 9 (RLIN) |
1300 |
| 700 ## - ADDED ENTRY--PERSONAL NAME |
| Personal name |
Debandi, Natalia |
| 9 (RLIN) |
1301 |
| 700 ## - ADDED ENTRY--PERSONAL NAME |
| Personal name |
Décima, Mauro I. |
| 9 (RLIN) |
1302 |
| 700 ## - ADDED ENTRY--PERSONAL NAME |
| Personal name |
Taquela, María Eugenia |
| 9 (RLIN) |
1303 |
| 700 ## - ADDED ENTRY--PERSONAL NAME |
| Personal name |
Soleri, Santiago L. |
| 9 (RLIN) |
1304 |
| 700 ## - ADDED ENTRY--PERSONAL NAME |
| Personal name |
Gastaldi, Enrique José |
| 9 (RLIN) |
1305 |
| 700 ## - ADDED ENTRY--PERSONAL NAME |
| Personal name |
Barrera Buteler, Guillermo |
| 9 (RLIN) |
743 |
| 700 ## - ADDED ENTRY--PERSONAL NAME |
| Personal name |
Yanzi Ferreira, Ramón Pedro |
| 9 (RLIN) |
1306 |
| 942 ## - ADDED ENTRY ELEMENTS (KOHA) |
| Source of classification or shelving scheme |
|
| Koha item type |
Libros |
| Classification part |
342.84 |
| Item part |
REF |